Modern science : (Record no. 179724)
[ view plain ]
| 000 -LEADER | |
|---|---|
| fixed length control field | 00980 a2200157 4500 |
| 003 - CONTROL NUMBER IDENTIFIER | |
| control field | NUST |
| 005 - DATE AND TIME OF LATEST TRANSACTION | |
| control field | 20221027132957.0 |
| 040 ## - CATALOGING SOURCE | |
| Transcribing agency | Nust |
| 082 ## - DEWEY DECIMAL CLASSIFICATION NUMBER | |
| Classification number | 500,MOD |
| 245 ## - TITLE STATEMENT | |
| Title | Modern science : |
| Remainder of title | Illustrated,an up-to-date illustrated course in physics,chemistry,biology astronomy and geology |
| 260 ## - PUBLICATION, DISTRIBUTION, ETC. | |
| Place of publication, distribution, etc. | London |
| Name of publisher, distributor, etc. | Odhams Press ltd |
| 300 ## - PHYSICAL DESCRIPTION | |
| Extent | 447 P.: |
| 505 ## - FORMATTED CONTENTS NOTE | |
| Formatted contents note | Work And Energy (Page-11), Electricity (Page-53), Light (Page-85), Sound (Page-99), Atomic Physics (Page-105), What Is Chemistry (Page-131), The Important Elements (Page-151), Energy, Life And Food (Page-193), Creative Chemistry (Page-227), The Living World (Page-247), The Physiology Of Organisms (Page-261), The Continuity Of Life (Page-287), Evolution And Genetics (Page-299), The Biology Of Man (Page-321), Starts And Planets (Page-337), The Earth And Other Worlds (Page-363), Visitors From Space (Page-389), The Story Of The Rocks (Page-417). |
| 650 ## - SUBJECT ADDED ENTRY--TOPICAL TERM | |
| Topical term or geographic name entry element | Modern Science |
| 9 (RLIN) | 101517 |
| 942 ## - ADDED ENTRY ELEMENTS (KOHA) | |
| Source of classification or shelving scheme | |
| Koha item type | Book |
| Call number prefix | 500,MOD |
| Withdrawn status | Lost status | Source of classification or shelving scheme | Damaged status | Not for loan | Permanent Location | Current Location | Shelving location | Date acquired | Full call number | Barcode | Date last seen | Price effective from | Koha item type | Public note |
|---|---|---|---|---|---|---|---|---|---|---|---|---|---|---|
| Military College of Signals (MCS) | Military College of Signals (MCS) | General Stacks | 12/12/2016 | 500,MOD | MCS29749 | 12/08/2016 | 12/12/2016 | Book Bank | Almirah No. A/135, Shelf No.1 |
